• 首页
  • 本馆介绍
  • 公告通知
  • 最新文献
  • 馆藏检索
  • 电子资源
  • 读者导购
  • 参考咨询
  • 我的图书馆
  • 登录
  • 详细信息显示
  • 放入我的书架
  • 预约/预借图书
  • 作者相关作品
  • 分类相关作品
  • 丛书相关作品
  • 出版社相关作品

书目信息

  • 表格格式
  • 工作单格式
  • 卡片格式
题名:
哈佛考考你
    
 
作者: 罗锐韧 主编 ;阳志平 编著
分册:   创造力
出版信息: 北京   印刷工业出版社  2001
页数: 342页
开本: 23cm
丛书名:
单 册:
中图分类: G449.5
科图分类:
主题词: 心理测验--通俗读物 , 创造性思维--心理测验--通俗读物 , 心理测验 , 创造性思维 , 教育心理学
电子资源:
ISBN: 7-80000-419-8
000 00884nam0 2200277 450
001 1247433470
005 20121004131255.31
010    @a7-80000-419-8@dCNY28.00
100    @a20011205d2001 em y0chiy0110 ea
101 0  @achi
102    @aCN@b110000
105    @aa z 000yy
200 1  @a哈佛考考你@Aha fo kao kao ni@i创造力@f罗锐韧主编@g阳志平编著
210    @a北京@c印刷工业出版社@d2001
215    @a342页@c图@d23cm
330    @a本书采用了权威机构精心设计的测验,从基本创造力、发散性思维、创造推理、创造个性特质等方面对你的创造力进行全方位的综合测评。
606 0  @a心理测验@j通俗读物
606 0  @a创造性思维@x心理测验@j通俗读物
606 0  @a心理测验
606 0  @a创造性思维
606 0  @a教育心理学
690    @aG449.5@v4
701  0 @a罗锐韧@Aluo rui ren@4主编
702  0 @a阳志平@Ayang zhi ping@4编著
801  0 @aCN@bNLC@c20101222
905    @a10447@dG449.5@eJY194
    
    哈佛考考你.创造力/罗锐韧主编/阳志平编著.-北京:印刷工业出版社,2001
    342页:图;23cm
    
    
    ISBN 7-80000-419-8:CNY28.00
    本书采用了权威机构精心设计的测验,从基本创造力、发散性思维、创造推理、创造个性特质等方面对你的创造力进行全方位的综合测评。
●
相关链接 在E读中查询图书 在五车中查询图书 在当当中查询图书 在豆瓣中查询图书


正题名:哈佛考考你     索取号:G449.5/JY194         预约/预借

序号 登录号 条形码 馆藏地/架位号 状态 备注
1 7805532   278055328   学院路分馆/ [索取号:G449.5/JY194] 在馆    
2 7805533   278055337   学院路分馆/ [索取号:G449.5/JY194] 在馆    
3 7805534   278055346   学院路分馆/ [索取号:G449.5/JY194] 在馆    
4 7805535   278055355   学院路分馆/ [索取号:G449.5/JY194] 在馆    
唐山师范学院图书馆 欢迎您!
大连网信软件有限公司© 版权所有